|
|
|
|
| LEADER |
01245nam a22002777a 4500 |
| 001 |
44119 |
| 003 |
BD-DhAAL |
| 005 |
20250923170000.0 |
| 008 |
250219t2003 bg ||||| |||| 00| 1 ben d |
| 020 |
|
|
|a 9788177563165
|
| 040 |
|
|
|a BD-DhAAL
|d BD-DhAAL
|
| 041 |
|
|
|a ben
|
| 082 |
|
|
|a 891.44371
|2 23
|
| 100 |
|
|
|a মজুমদার, সমরেশ.
|
| 245 |
|
|
|a হিরে বসানো সোনার ফুল /
|c সমরেশ মজুমদার.
|
| 250 |
|
|
|a প্রথম সংস্করণ.
|
| 260 |
|
|
|a ঢাকা :
|b আনন্দ,
|c ২০০৩.
|
| 300 |
|
|
|a ৩১১ পৃষ্ঠা ;
|c ২২ সে. মি.
|
| 541 |
|
|
|a Donated by Farhana Zahir (Assistant Professor, BBS, BRAC University)
|e 44119
|
| 650 |
|
|
|a Bengali fiction.
|
| 650 |
|
|
|a Bengali fiction
|y 21st century.
|9 53757
|
| 650 |
|
|
|a Bengali literature.
|
| 852 |
|
|
|a Ayesha Abed Library
|c General Stacks
|
| 942 |
|
|
|2 ddc
|c BK
|
| 999 |
|
|
|c 47242
|d 47242
|
| 952 |
|
|
|0 0
|1 0
|2 ddc
|4 0
|6 891_443710000000000_MAJ
|7 0
|9 77421
|a BRACUL
|b BRACUL
|c GEN
|d 2025-02-19
|e Donated by Farhana Zahir, Assistant Professor, BBS.
|g 200.00
|l 8
|m 18
|o 891.44371 MAJ
|p 3010044119
|r 2026-04-27
|s 2026-04-08
|t 1
|w 2025-02-19
|y BK
|x Donated by Farhana Zahir Assistant Professor BBS, BRAC University.
|